000 00590cam a2200205 4500500
005 20260329004341.0
041 _afre
042 _adc
100 1 0 _aDuru, Martin
_eauthor
245 0 0 _aEst-ce bien raisonnable ?
260 _c2019.
500 _a87
690 _aEmotions
690 _aÉpictète
690 _aMartha Nussbaum
690 _aPeter Singer
690 _aRousseau
786 0 _nPhilosophie magazine | 132 | 9 | 2019-09-01 | p. 25-27 | 1951-1787
856 4 1 _uhttps://shs.cairn.info/magazine-philosophie-magazine-2019-9-page-25?lang=fr&redirect-ssocas=7080
999 _c1833071
_d1833071